QUALITY, SAFETY AND BIOLOGICAL SCRENING OF MEDICINAL PLANTS IN AYURVEDA & SIDDHA AND FORMULATIONS FOR IMMUNODEFICIENCY (Record no. 25010)

MARC details
000 -LEADER
fixed length control field 00549nam a22001697a 4500
003 - CONTROL NUMBER IDENTIFIER
control field SGT
020 ## - INTERNATIONAL STANDARD BOOK NUMBER
International Standard Book Number 9789383864300
082 ## - DEWEY DECIMAL CLASSIFICATION NUMBER
Classification number 615.53
Item number Q18C
100 ## - MAIN ENTRY--PERSONAL NAME
Personal name CCRAS, MINISTRY OF AYUSH
245 ## - TITLE STATEMENT
Title QUALITY, SAFETY AND BIOLOGICAL SCRENING OF MEDICINAL PLANTS IN AYURVEDA & SIDDHA AND FORMULATIONS FOR IMMUNODEFICIENCY
250 ## - EDITION STATEMENT
Edition statement 1ST
260 ## - PUBLICATION, DISTRIBUTION, ETC. (IMPRINT)
Place of publication, distribution, etc NEW DELHI
Name of publisher, distributor, etc CCRAS
Year of Publication 2018
300 ## - PAGE DESCRIPTION
No. of Pages 474
650 ## - SUBJECT ADDED ENTRY--TOPICAL TERM
Topical term or geographic name as entry element AYURVEDA
653 ## - KEYWORDS--INDEX TERM
Keyword term QUALITY, SAFETY , BIOLOGICAL, SCRENING, MEDICINAL, PLANTS , SIDDHA, FORMULATIONS, IMMUNODEFICIENCY
942 ## - ADDED ENTRY ELEMENTS (KOHA)
Source of classification or shelving scheme Dewey Decimal Classification
Koha item type Books
Holdings
Withdrawn status Lost status Source of classification or shelving scheme Damaged status Use restrictions Not for loan Collection code Home library Current library Shelving location Date acquired Vendor Name Cost, normal purchase price SGTU Bill Number Full call number Accession No. (Barcode) Date last seen Bill Date Koha item type
    Dewey Decimal Classification   Restricted Access   AYURVEDA SGT FA-FP Library SGT FA-FP Library Reference Book 07/09/2023 ABC, PVT.LTD 800.00 SGTU 16912 615.53 Q18C FA11933 07/09/2023 17/06/2023 Books
    Dewey Decimal Classification   Restricted Access   AYURVEDA SGT FA-FP Library SGT FA-FP Library Reference Book 07/09/2023 ABC, PVT.LTD 800.00 SGTU 16912 615.53 Q18C FA11934 07/09/2023 17/06/2023 Books